000 00220 a2200097 4500
001 53487
100 _aMahmood, Safdar
245 _aInternational affairs
260 _aLahore
_bA.H. Publishers
_c
090 _c33671
_d33671
942 _aNUST-CAE
_cM
_c26304
999 _c288560
_d288560